LEADER 03825nam 2200673 a 450 001 9910789088403321 005 20230803033514.0 010 $a3-11-029289-0 024 7 $a10.1515/9783110292893 035 $a(CKB)3390000000032616 035 $a(EBL)893794 035 $a(OCoLC)851969994 035 $a(SSID)ssj0000917009 035 $a(PQKBManifestationID)11551569 035 $a(PQKBTitleCode)TC0000917009 035 $a(PQKBWorkID)10878364 035 $a(PQKB)10152131 035 $a(MiAaPQ)EBC893794 035 $a(DE-B1597)177984 035 $a(OCoLC)979633087 035 $a(DE-B1597)9783110292893 035 $a(Au-PeEL)EBL893794 035 $a(CaPaEBR)ebr10728911 035 $a(CaONFJC)MIL503727 035 $a(EXLCZ)993390000000032616 100 $a20120906d2013 uy 0 101 0 $ager 135 $aur|n|---||||| 181 $ctxt 182 $cc 183 $acr 200 10$aKommentar zu Nietzsches$b[electronic resource] $e"Der Antichrist", "Ecce homo", "Dionysos-Dithyramben", "Nietzsche contra Wagner" /$fAndreas Urs Sommer 210 $aBerlin ;$aBoston $cDe Gruyter$dc2013 215 $a1 online resource (944 p.) 225 0 $aHistorischer und kritischer Kommentar zu Friedrich Nietzsches Werken ;$vBand 6.2 225 0$aHistorischer und kritischer Kommentar zu Friedrich Nietzsches Werken ;$vBd. 6/2 300 $aDescription based upon print version of record. 311 $a3-11-029277-7 320 $aIncludes bibliographical references and indexes. 327 $tFrontmatter -- $tInhalt -- $tVorwort zu NK 6/1 und 6/2 -- $tHinweise zur Benutzung -- $tSiglenverzeichnis -- $tEditorische Zeichen -- $tI Überblickskommentar -- $tII Stellenkommentar -- $tVorbemerkung -- $tI Überblickskommentar -- $tII Stellenkommentar -- $tVorbemerkung -- $tI Überblickskommentar -- $tII Stellenkommentar -- $tI Überblickskommentar -- $tII Stellenkommentar -- $tQuellen und zeitgenössische Literatur -- $tZitierte Nietzsche-Ausgaben und -Übersetzungen (außer KGW/KSA und den weiteren im Siglenverzeichnis genannten Ausgaben, in chronologischer Reihenfolge) -- $tForschungsliteratur, Dokumente zur Rezeptionsgeschichte, Hilfsmittel und allgemeine Literatur -- $tSach- und Begriffsregister -- $tPersonenregister 330 $aDie spätesten Nachlassschriften von 1888 zeugen von immenser sprachlicher und gedanklicher Radikalisierung. Der Antichrist soll die gesamte ?Umwerthung aller Werthe? sein; in Ecce homo betreibt Nietzsche eine Genealogie seines eigenen Denkens und eröffnet neue Dimensionen der Selbstreflexion. Nietzsche contra Wagner resümiert Nietzsches schon weit zurückreichende Wagner-Kritik, während die Dionysos-Dithyramben die Lyrik zu erneuern streben. 330 $aThe last posthumous manuscripts from 1888 bear witness to an enormous stylistic and intellectual radicalization. The Antichrist purports to be a total ?reevaluation of all values.? In Ecce homo, Nietzsche explores the genealogy of his own thinking, opening up new dimensions of self-reflection. Nietzsche contra Wagner sums up the many years of Nietzsche?s continuing critique of Wagner, while the Dionysian Dithyrambs seek to breathe new life into lyric poetry. 606 $aChristianity$vControversial literature 610 $a19th century. 610 $aNietzsche, Friedrich. 610 $acommentary. 610 $acultural history. 615 0$aChristianity 676 $a193 686 $aCG 5915$2rvk 700 $aSommer$b Andreas Urs$0530722 702 $aHeidelberger Akademie der Wissenschaften$4edt$4http://id.loc.gov/vocabulary/relators/edt 801 0$bMiAaPQ 801 1$bMiAaPQ 801 2$bMiAaPQ 906 $aBOOK 912 $a9910789088403321 996 $aKommentar zu Nietzsches$92768667 997 $aUNINA LEADER 01311nam 2200421 450 001 9910814983003321 005 20230808202338.0 010 $a1-78332-312-4 035 $a(CKB)3790000000558167 035 $a(MiAaPQ)EBC5164855 035 $a(Au-PeEL)EBL5164855 035 $a(CaPaEBR)ebr11654047 035 $a(OCoLC)1017976544 035 $a(EXLCZ)993790000000558167 100 $a20190227d2016 uy 0 101 0 $aeng 135 $aurcnu|||||||| 181 $ctxt$2rdacontent 182 $cc$2rdamedia 183 $acr$2rdacarrier 200 10$aCalculus and differential equations with mathematica /$fPramote Dechaumphai 210 1$aOxford, U.K. :$cAlpha Science International Ltd.,$d[2016] 210 4$d©2016 215 $a1 online resource (xii, 428 pages) $cillustrations 311 $a1-78332-264-0 606 $aDifferential equations$xData processing 606 $aCalculus$xData processing 615 0$aDifferential equations$xData processing. 615 0$aCalculus$xData processing. 676 $a510.285536 700 $aDechaumphai$b Pramote$01117726 801 0$bMiAaPQ 801 1$bMiAaPQ 801 2$bMiAaPQ 906 $aBOOK 912 $a9910814983003321 996 $aCalculus and differential equations with mathematica$94019300 997 $aUNINA